| 000 | 00610nam a2200241 a 4500 | ||
|---|---|---|---|
| 001 | nice12345678 | ||
| 003 | IN_TiNIC | ||
| 005 | 20260116012710.0 | ||
| 008 | 050524s1985 cana grp 000 0 eng | ||
| 020 |
_a _c100 |
||
| 082 | 0 | 0 |
_a227.2 _bHAR |
| 100 | _aHarlow, R E | ||
| 245 |
_aSecond Corinthians _b Paul and the Church at Corinth. |
||
| 260 |
_aCanada _bEvery Day Publications _c1985 |
||
| 300 | _a80p | ||
| 500 | _aincludes index and biblioraphy | ||
| 505 | 2 | _aIndex | |
| 650 | _aBible N.T. Epistles Corinthians | ||
| 700 | 1 | _aHarlow, R E | |
| 902 | _bSRS | ||
| 942 | _cBK | ||
| 999 |
_c8002 _d8002 |
||